Моделирование сейсмических трасс по данным акустического каротажа; Ресурсоэффективным технологиям - энергию и энтузиазм молодых

গ্রন্থ-পঞ্জীর বিবরন
Parent link:Ресурсоэффективным технологиям - энергию и энтузиазм молодых.— 2012.— [С. 36-38]
প্রধান লেখক: Шатская А. А. Александра Андреевна
অন্যান্য লেখক: Степанов Д. Ю. Дмитрий Юрьевич (научный руководитель)
সংক্ষিপ্ত:Заглавие с экрана
ভাষা:রুশ
প্রকাশিত: 2012
মালা:Рациональное природопользование и глубокая переработка природных ресурсов
বিষয়গুলি:
অনলাইন ব্যবহার করুন:http://www.lib.tpu.ru/fulltext/c/2012/C08/015.pdf
বিন্যাস: বৈদ্যুতিক গ্রন্থের অধ্যায়
KOHA link:https://koha.lib.tpu.ru/cgi-bin/koha/opac-detail.pl?biblionumber=234059

MARC

LEADER 00000naa2a2200000 4500
001 234059
005 20260120155330.0
035 |a (RuTPU)RU\TPU\book\255144 
035 |a RU\TPU\book\255141 
090 |a 234059 
100 |a 20130315d2012 k y0rusy50 ca 
101 0 |a rus 
102 |a RU 
181 0 |a i  
182 0 |a b 
200 1 |a Моделирование сейсмических трасс по данным акустического каротажа  |f А. А. Шатская  |g науч. рук. Д. Ю. Степанов 
203 |a Текст  |c электронный 
215 |a 1 файл (425 Кб) 
225 1 |a Рациональное природопользование и глубокая переработка природных ресурсов 
300 |a Заглавие с экрана 
320 |a [Библиогр.: с. 38 (1 назв.)] 
337 |a Adobe Reader 
463 1 |0 (RuTPU)RU\TPU\book\251281  |t Ресурсоэффективным технологиям - энергию и энтузиазм молодых   |o сборник докладов III Университетской конференции студентов Элитного технического образования, г. Томск, 16 -17 апреля 2012 г.  |f Национальный исследовательский Томский политехнический университет (ТПУ)   |v [С. 36-38]  |d 2012 
610 1 |a электронный ресурс 
610 1 |a труды учёных ТПУ 
610 1 |a моделирование 
610 1 |a сейсмические трассы 
610 1 |a акустический каротаж 
610 1 |a сейсморазведка 
700 1 |a Шатская  |b А. А.  |c геофизик  |c ассистент Томского политехнического университета  |f 1990-  |g Александра Андреевна  |3 (RuTPU)RU\TPU\pers\30414  |9 14756 
702 1 |a Степанов  |b Д. Ю.  |c специалист в области информатики и вычислительной техники  |c доцент Томского политехнического университета, кандидат технических наук  |f 1971-  |g Дмитрий Юрьевич  |3 (RuTPU)RU\TPU\pers\25950  |4 727 
801 1 |a RU  |b 63413507  |c 20101016 
801 2 |a RU  |b 63413507  |c 20130517  |g RCR 
856 4 |u http://www.lib.tpu.ru/fulltext/c/2012/C08/015.pdf 
942 |c CF